La pandemia acelera las innovaciones (Registro nro. 30794)

Detalles MARC
000 -LEADER
fixed length control field 00332 a2200109 4500
001 - CONTROL NUMBER
control field ART_51186
005 - DATE AND TIME OF LATEST TRANSACTION
control field 20260410161956.0
008 - FIXED-LENGTH DATA ELEMENTS--GENERAL INFORMATION
fixed length control field 260409a
100 1# - MAIN ENTRY--PERSONAL NAME
Personal name Arduino, Augusto H.L.
245 10 - TITLE STATEMENT
Title La pandemia acelera las innovaciones
773 0# - HOST ITEM ENTRY
Title Temas de derecho comercial
Related parts - Año 6, N° 9 (sep. 2020)
Record control number REV28151

No hay ítems disponibles.